01272cam a2200277 a 45000010008000000030004000080050017000120080041000290100017000700200021000870200022001080200022001300400018001520500022001700820014001922450110002062600043003163000019003595040053003785050363004316500024007947000052008187000031008707400039009017400054009401511126OSt20170306095835.0891205s1990 nyu b 001 0 eng  a 89070174  a0312044747 (set) a0312044798 (v. 1) a031204478X (v. 2) aDLCcDLCdDLC00aPR1109b.S66 199000a820.822000aSt. Martin's anthologies of English literature /cgeneral editors, A. Norman Jeffares, Michael Alexander. aNew York :bSt. Martin's Press,c1990. a5 v. ;c23 cm. aIncludes bibliographical references and indexes.0 av. 1. The Middle Ages (700-1550) / edited by Michael Alexander and Felicity Riddy -- v. 2. The Renaissance (1550-1660) / edited by Gordon Campbell -- v. 3. The Restoration and eighteenth century / edited by Ian McGowan -- v. 4. The nineteenth century (1798-1900) / edited by Brian Martin -- v. 5. The twentieth century (1900-present) / edited by Neil McEwan. 0aEnglish literature.1 aJeffares, A. Normanq(Alexander Norman),d1920-1 aAlexander, Michael,d1941-0 aAnthologies of English literature.0 aSaint Martin's anthologies of English literature.